[Event "Patron CC-ch"]
[Site "Greece"]
[Date "2008.01.07"]
[Round "7"]
[White "Kappas, Gerasimos"]
[Black "Koutsidis, Mihail"]
[Result "0-1"]
[WhiteElo "1000"]
[BlackElo "2081"]
[PlyCount "106"]
[EventDate "2008.01.02"]
[EventType "swiss"]
[EventRounds "7"]
[EventCountry "GRE"]
[SourceTitle "EXT 2010"]
[Source "ChessBase"]
[SourceDate "2010.11.25"]
[SourceVersion "1"]
[SourceVersionDate "2010.11.25"]
[SourceQuality "1"]

1. e4 c5 2. Nf3 Nc6 3. d4 cxd4 4. Nxd4 g6 5. Nxc6 bxc6 6. Bd3 Bg7 7. 0-0 Rb8 8. c3 Nf6 9. Re1 e5 10. Qe2 0-0 11. Qc2 Re8 12. Bg5 d5 13. Nd2 Qb6 14. Qb3 Qc7 15. Qc2 h6 16. Bh4 Nd7 17. b3 Nc5 18. Nf3 Bg4 19. b4 Ne6 20. Nd2 Nf4 21. h3 Bd7 22. Rab1 Ne6 23. Nf3 Nf4 24. Kh1 Nxd3 25. Qxd3 dxe4 26. Qxe4 Bf5 27. Qc4 Bxb1 28. Rxb1 Qd7 29. Bg3 a5 30. Re1 Qd5 31. Qxd5 cxd5 32. Bxe5 Bxe5 33. Rxe5 Rxe5 34. Nxe5 axb4 35. cxb4 Rxb4 36. Nc6 Rb7 37. g4 Rc7 38. Nb4 d4 39. Kg2 Rc4 40. Nd3 Rc3 41. Ne1 Kg7 42. h4 Ra3 43. Kf1 Rxa2 44. Ng2 Kf6 45. Ke1 Ke5 46. g5 h5 47. Kf1 Ke4 48. Ne1 Ra1 49. Ke2 d3+ 50. Kd2 Ra2+ 51. Kd1 Rxf2 52. Nxd3 Kxd3 53. Ke1 Rf3 0-1

[Event "Patron CC-ch"]
[Site "Greece"]
[Date "2008.01.04"]
[Round "4"]
[White "Pahaki, Hristina Despoina"]
[Black "Kappas, Gerasimos"]
[Result "1-0"]
[WhiteElo "1265"]
[BlackElo "1000"]
[PlyCount "165"]
[EventDate "2008.01.02"]
[EventType "swiss"]
[EventRounds "7"]
[EventCountry "GRE"]
[SourceTitle "EXT 2010"]
[Source "ChessBase"]
[SourceDate "2010.11.25"]
[SourceVersion "1"]
[SourceVersionDate "2010.11.25"]
[SourceQuality "1"]

1. e4 d6 2. d4 Nf6 3. Nc3 g6 4. Bg5 Bg7 5. Bc4 c6 6. f3 0-0 7. Qd2 Re8 8. 0-0-0 Bd7 9. Nge2 Qc7 10. g4 b5 11. Bb3 c5 12. Bxf6 Bxf6 13. Nd5 Qb7 14. Nxf6+ exf6 15. a3 c4 16. Ba2 Rc8 17. Qf4 Na6 18. Qxf6 Rab8 19. Qxd6 b4 20. Kd2 Rc6 21. Qf4 b3 22. cxb3 cxb3 23. Bb1 Nc7 24. Ke1 Ne6 25. Qg3 Ra6 26. Kf2 Qb6 27. Kg2 Ra4 28. Rhf1 Rd8 29. d5 Nc7 30. Qf2 Qd6 31. Nc3 Ra5 32. Qg3 Qb6 33. Qf2 Qd6 34. Qd4 Re8 35. Rc1 Ne6 36. Qb4 Nf4+ 37. Kh1 Rc5 38. Ne2 Nxe2 39. Qxc5 Qe5 40. Rce1 Nf4 41. Qc3 Qxc3 42. bxc3 f6 43. Re3 a5 44. c4 a4 45. c5 Nxd5 46. Rd3 Bb5 47. exd5 Kf7 48. Rdd1 Bxf1 49. Rxf1 Re2 50. Kg1 Ke7 51. Rd1 Re3 52. Kg2 b2 53. Rd2 Rxa3 54. Rxb2 Ra1 55. Ra2 Rxb1 56. Rxa4 h6 57. Ra7+ Kd8 58. Rf7 Rb5 59. Rxf6 Rxc5 60. Rxg6 Rxd5 61. Rxh6 Ke7 62. Kg3 Kf7 63. h4 Rd4 64. Rh5 Kg6 65. Rg5+ Kh6 66. Rh5+ Kg6 67. Re5 Kf6 68. Re4 Rd5 69. g5+ Kg6 70. Re6+ Kg7 71. f4 Kf7 72. Re5 Rd6 73. Kg4 Kg7 74. h5 Rd8 75. Re7+ Kf8 76. Rh7 Kg8 77. Rc7 Rf8 78. h6 Re8 79. h7+ Kh8 80. g6 Rf8 81. g7+ Kxh7 82. gxf8Q+ Kg6 83. Qg7# 1-0

[Event "Patron CC-ch"]
[Site "Greece"]
[Date "2008.01.02"]
[Round "2"]
[White "Kappas, Gerasimos"]
[Black "Iliopoulos, Konstantinos"]
[Result "1-0"]
[WhiteElo "1000"]
[BlackElo "1045"]
[PlyCount "85"]
[EventDate "2008.01.02"]
[EventType "swiss"]
[EventRounds "7"]
[EventCountry "GRE"]
[SourceTitle "EXT 2010"]
[Source "ChessBase"]
[SourceDate "2010.11.25"]
[SourceVersion "1"]
[SourceVersionDate "2010.11.25"]
[SourceQuality "1"]

1. e4 c6 2. d4 d5 3. e5 Bf5 4. Nf3 e6 5. a3 Nd7 6. Bd3 Qb6 7. b4 a5 8. c3 axb4 9. cxb4 Bxb4+ 10. Bd2 Bxd2+ 11. Nbxd2 Ne7 12. h3 0-0 13. g3 c5 14. g4 Bg6 15. dxc5 Nxc5 16. Be2 Nc6 17. 0-0 Rfd8 18. Qc1 d4 19. h4 d3 20. Bd1 h6 21. Nc4 Qc7 22. Nfd2 Nxe5 23. Nxe5 Qxe5 24. Rb1 Rdb8 25. Bf3 Qc7 26. Re1 Qe7 27. h5 Bh7 28. Re5 Rc8 29. Rb5 Nd7 30. Qe1 Nxe5 31. Qxe5 Rc1+ 32. Kg2 Qg5 33. Qxg5 hxg5 34. Rxg5 Rxa3 35. h6 g6 36. Rb5 f6 37. Rxb7 Rac3 38. Rd7 R1c2 39. Ne4 Rc8 40. Nxf6+ Kf8 41. Nxh7+ Ke8 42. Nf6+ Kf8 43. h7 1-0

[Event "Patron CC-ch"]
[Site "Greece"]
[Date "2008.01.02"]
[Round "1"]
[White "Sofos, Spyridon"]
[Black "Kappas, Gerasimos"]
[Result "1-0"]
[WhiteElo "1575"]
[BlackElo "1000"]
[PlyCount "185"]
[EventDate "2008.01.02"]
[EventType "swiss"]
[EventRounds "7"]
[EventCountry "GRE"]
[SourceTitle "EXT 2010"]
[Source "ChessBase"]
[SourceDate "2010.11.25"]
[SourceVersion "1"]
[SourceVersionDate "2010.11.25"]
[SourceQuality "1"]

1. d4 d6 2. Nf3 g6 3. c4 Nf6 4. Bg5 Bg7 5. Nbd2 0-0 6. e3 Bf5 7. Nh4 Bd7 8. Bd3 Re8 9. Qb3 Qc8 10. Nhf3 e5 11. dxe5 dxe5 12. Bxf6 Bxf6 13. 0-0 Nc6 14. Ne4 Bg7 15. Be2 Bf5 16. Nfd2 h6 17. Ng3 Be6 18. Qc2 Rb8 19. Bf3 Nb4 20. Qb3 Na6 21. Qc2 Nb4 22. Qb3 Na6 23. e4 Nc5 24. Qe3 b6 25. b4 Na6 26. a3 Rd8 27. Rac1 c5 28. b5 Nc7 29. h4 Ne8 30. Rfd1 Qc7 31. Be2 Rd6 32. h5 g5 33. Nf5 Bxf5 34. exf5 Rbd8 35. Ne4 Rxd1+ 36. Rxd1 Rxd1+ 37. Bxd1 Nd6 38. Nxd6 Qxd6 39. Bf3 Qd7 40. Qe4 Qc8 41. g4 Qd8 42. Qd5 Bf6 43. Kf1 Kf8 44. Ke2 Qc7 45. Qc6 Qe7 46. Bd5 Kg7 47. Ke3 Qd8 48. Ke4 Qe7 49. f3 Qd8 50. Qb7 Qe7 51. a4 Kf8 52. Qa8+ Kg7 53. Qb7 Kf8 54. Bc6 Qxb7 55. Bxb7 Ke7 56. Kd5 Kd7 57. Bc6+ Kc7 58. Be8 Kb7 59. Bxf7 a6 60. Ke6 Bh8 61. f6 axb5 62. axb5 Kc7 63. Ke7 Kc8 64. Bd5 Kc7 65. f7 Bg7 66. f8Q Bxf8+ 67. Kxf8 Kd6 68. Kg7 Ke7 69. Kxh6 Kf6 70. Kh7 Ke7 71. Kg7 e4 72. fxe4 Kd6 73. Be6 Kxe6 74. e5 Kxe5 75. h6 Kd4 76. h7 Kxc4 77. h8Q Kxb5 78. Qe8+ Kb4 79. Qe1+ Kc4 80. Qc1+ Kb4 81. Qxg5 b5 82. Qf4+ c4 83. Qd6+ Kb3 84. Qg3+ c3 85. g5 b4 86. g6 Kb2 87. Qe5 b3 88. Kf6 Kc2 89. Qe2+ Kb1 90. Qd3+ Kb2 91. g7 c2 92. g8Q c1Q 93. Qgxb3+ 1-0